KOHA-Header-6

Strategy Human Resource Management (Record no. 537)

000 -LEADER
fixed length control field 00314nam a2200121Ia 4500
008 - FIXED-LENGTH DATA ELEMENTS--GENERAL INFORMATION
fixed length control field 190722s9999 xx 000 0 und d
020 ## - INTERNATIONAL STANDARD BOOK NUMBER
International Standard Book Number 978-1-137-40763-4
100 ## - MAIN ENTRY--PERSONAL NAME
Personal name Peter Boxall
245 #0 - TITLE STATEMENT
Title Strategy Human Resource Management
260 ## - PUBLICATION, DISTRIBUTION, ETC. (IMPRINT)
Place of publication, distribution, etc New York
Name of publisher, distributor, etc Palgrave Macmillan ED
Date of publication, distribution, etc 2016
300 ## - PHYSICAL DESCRIPTION
Extent 535
942 ## - ADDED ENTRY ELEMENTS (KOHA)
Koha item type Books
Holdings
Withdrawn status Lost status Source of classification or shelving scheme Damaged status Not for loan Collection code Permanent Location Current Location Shelving location Date acquired Full call number Barcode Date last seen Price effective from Koha item type
        Not For Loan Management MAJU MAJU Shelf No.A38 REF 2019-07-22 658.3 7163 2019-07-22 2019-07-22 Management

Powered by Koha